[Event "Durban USSA op"]
[Site "Durban"]
[Date "2023.12.07"]
[Round "6"]
[White "Hemeni, Simamnkele"]
[Black "Martin, Nico"]
[Result "0-1"]
[WhiteElo "1786"]
[BlackElo "1861"]
[PlyCount "92"]
[EventDate "2023.12.04"]
[EventType "swiss"]
[EventRounds "9"]
[EventCountry "RSA"]
[SourceTitle "CB50_2023"]
[SourceDate "2023.12.13"]
[SourceVersion "1"]
[SourceVersionDate "2023.12.13"]
[SourceQuality "1"]

1. d4 Nf6 2. c4 g6 3. g3 c6 4. Bg2 d5 5. Nf3 Bg7 6. 0-0 0-0 7. Nc3 dxc4 8. a4 a5 9. e4 Na6 10. Qe2 Bg4 11. Qxc4 Nb4 12. Bf4 Nd7 13. Rad1 Nb6 14. Qe2 Be6 15. d5 cxd5 16. Ng5 d4 17. Nxe6 fxe6 18. Qg4 Qc8 19. Nb5 e5 20. Qh4 exf4 21. Rc1 Nc6 22. Bh3 e6 23. gxf4 Qd7 24. b3 Rae8 25. e5 Nd5 26. f5 exf5 27. f4 Ne3 28. Rf2 Re6 29. Rd2 Rd8 30. Qg3 Bf8 31. Rd3 Kh8 32. Kf2 Bb4 33. Nxd4 Nxd4 34. Qxe3 Rc6 35. Rcd1 Bc5 36. Kg3 Re6 37. Bf1 Ree8 38. Qc1 Qe7 39. Qb2 Ne6 40. h4 Rxd3+ 41. Rxd3 Rd8 42. Rf3 Rd4 43. Bc4 Nxf4 44. Qc1 Qxe5 45. Re3 Nh5+ 46. Kh3 Qxe3+ 0-1

[Event "Durban USSA op"]
[Site "Durban"]
[Date "2023.12.07"]
[Round "7"]
[White "Martin, Nico"]
[Black "Windvogel, Monray"]
[Result "1/2-1/2"]
[WhiteElo "1861"]
[BlackElo "1640"]
[PlyCount "84"]
[EventDate "2023.12.04"]
[EventType "swiss"]
[EventRounds "9"]
[EventCountry "RSA"]
[SourceTitle "CB50_2023"]
[SourceDate "2023.12.13"]
[SourceVersion "1"]
[SourceVersionDate "2023.12.13"]
[SourceQuality "1"]

1. e4 c5 2. c3 Nf6 3. e5 Nd5 4. Nf3 e6 5. d4 cxd4 6. cxd4 d6 7. Bc4 Nc6 8. 0-0 Nb6 9. Bb5 Bd7 10. Nc3 d5 11. Bg5 Be7 12. Bxe7 Nxe7 13. Bd3 Ng6 14. Rc1 0-0 15. g3 Rc8 16. h4 f5 17. Kg2 Nc4 18. Qe2 Qe7 19. Rc2 Nh8 20. Rfc1 a6 21. Nd1 Nb6 22. Rc7 Rxc7 23. Rxc7 Rb8 24. Qd2 Qd8 25. Rc5 Rc8 26. Qa5 Nf7 27. Nc3 Bc6 28. Ne2 Nd7 29. Qxd8+ Nxd8 30. Rc3 h6 31. Nc1 Kf8 32. Nb3 b5 33. Nfd2 Nxe5 34. dxe5 d4+ 35. Rxc6 Nxc6 36. f4 Nb4 37. Bb1 d3 38. Kf2 Nc2 39. Nc1 Rd8 40. Bxc2 dxc2 41. Ke3 Ke7 42. Ne2 Kd7 1/2-1/2

[Event "Durban USSA op"]
[Site "Durban"]
[Date "2023.12.06"]
[Round "5"]
[White "Martin, Nico"]
[Black "Mankga, Thabang"]
[Result "1-0"]
[WhiteElo "1861"]
[BlackElo "1648"]
[PlyCount "71"]
[EventDate "2023.12.04"]
[EventType "swiss"]
[EventRounds "9"]
[EventCountry "RSA"]
[SourceTitle "CB50_2023"]
[SourceDate "2023.12.13"]
[SourceVersion "1"]
[SourceVersionDate "2023.12.13"]
[SourceQuality "1"]

1. e4 c5 2. c3 d5 3. exd5 Qxd5 4. d4 Nf6 5. Nf3 e6 6. Na3 a6 7. Nc4 Nbd7 8. Be2 Be7 9. 0-0 0-0 10. a4 Rd8 11. Be3 cxd4 12. Bxd4 h6 13. Qc2 Qc6 14. Rfd1 b6 15. Nfe5 Nxe5 16. Nxe5 Qc7 17. Qb3 Rb8 18. Nc4 Nd7 19. a5 b5 20. Nb6 Nc5 21. Qc2 Bb7 22. b4 e5 23. Bxc5 Bxc5 24. bxc5 Qxc5 25. Nd7 Rxd7 26. Rxd7 Qc6 27. Rxb7 Qxb7 28. h3 Qc7 29. c4 Qc5 30. Qe4 Qb4 31. Qxe5 bxc4 32. Bxc4 Rc8 33. Bxf7+ Kh8 34. Bg6 Rf8 35. Re1 Qa4 36. Qe8 1-0

[Event "Durban USSA op"]
[Site "Durban"]
[Date "2023.12.05"]
[Round "4"]
[White "Pather, Sachen"]
[Black "Martin, Nico"]
[Result "0-1"]
[WhiteElo "1619"]
[BlackElo "1861"]
[PlyCount "64"]
[EventDate "2023.12.04"]
[EventType "swiss"]
[EventRounds "9"]
[EventCountry "RSA"]
[SourceTitle "CB50_2023"]
[SourceDate "2023.12.13"]
[SourceVersion "1"]
[SourceVersionDate "2023.12.13"]
[SourceQuality "1"]

1. Nf3 Nf6 2. g3 g6 3. Bg2 Bg7 4. 0-0 d5 5. d3 0-0 6. c4 c6 7. Nc3 d4 8. Na4 Re8 9. b4 e5 10. Nd2 Nfd7 11. Rb1 f5 12. Qb3 Nf6 13. b5 Bf8 14. e4 c5 15. f3 Nbd7 16. exf5 gxf5 17. Bh3 Nb6 18. Nb2 Bd6 19. Re1 Kh8 20. Qc2 Be6 21. Nf1 Qd7 22. Bg2 Rg8 23. Qe2 Rae8 24. a4 Qf7 25. a5 Nbd7 26. Qf2 Qg6 27. Bd2 h5 28. h4 f4 29. gxf4 Bh3 30. Re2 exf4 31. Rbe1 Qf7 32. Rxe8 Nxe8 0-1

[Event "Antwerp World Uni blitz op"]
[Site "Antwerp"]
[Date "2022.09.14"]
[Round "9"]
[White "Gatineau, Yovann"]
[Black "Martin, Nico"]
[Result "1-0"]
[WhiteElo "2183"]
[BlackElo "1689"]
[PlyCount "79"]
[EventDate "2022.09.14"]
[EventType "swiss (blitz)"]
[EventRounds "9"]
[EventCountry "BEL"]
[SourceTitle "CBM 210 Extra"]
[Source "ChessBase"]
[SourceDate "2022.11.30"]
[SourceVersion "1"]
[SourceVersionDate "2022.11.30"]
[SourceQuality "1"]

1. d4 Nf6 2. g3 g6 3. Bg2 d5 4. Nf3 Bg7 5. c4 c6 6. 0-0 0-0 7. Nbd2 Ne4 8. e3 Bf5 9. Qb3 Nxd2 10. Bxd2 dxc4 11. Qxb7 Qb6 12. Qxa8 Nd7 13. Qxf8+ Kxf8 14. Bc3 Bd3 15. Rfc1 c5 16. dxc5 Nxc5 17. Ne5 Bxe5 18. Bxe5 f6 19. Bc3 Ne4 20. Bd4 Qa6 21. b3 Nd6 22. bxc4 Bxc4 23. Rc3 Be6 24. Rc6 Qa4 25. Bxf6 exf6 26. Rxd6 Ke7 27. Rd4 Qc2 28. a4 a5 29. Rad1 Qc7 30. h4 h5 31. Be4 Kf7 32. Kg2 Qe5 33. Bf3 Qc7 34. R1d2 Qe5 35. Rd6 Bb3 36. Rd7+ Ke6 37. R7d4 Kf7 38. Rb2 Be6 39. Rb7+ Kf8 40. Rd8# 1-0

[Event "South African op"]
[Site "Cape Town"]
[Date "2022.07.13"]
[Round "7"]
[White "Martin, Nico"]
[Black "Davies, Jason S"]
[Result "1/2-1/2"]
[WhiteElo "1674"]
[BlackElo "2026"]
[PlyCount "56"]
[EventDate "2022.07.09"]
[EventType "swiss"]
[EventRounds "11"]
[EventCountry "RSA"]
[SourceTitle "CBM 209 Extra"]
[Source "ChessBase"]
[SourceDate "2022.09.30"]
[SourceVersion "1"]
[SourceVersionDate "2022.09.30"]
[SourceQuality "1"]

1. e4 c5 2. c3 Nf6 3. e5 Nd5 4. Nf3 Nc6 5. d4 cxd4 6. cxd4 d6 7. Bc4 Nb6 8. Bb5 dxe5 9. Nxe5 Bd7 10. Nxd7 Qxd7 11. Nc3 e6 12. 0-0 Rd8 13. Be3 Be7 14. Qg4 0-0 15. Rad1 Rfe8 16. d5 Nxd5 17. Bxa7 Qc7 18. Nxd5 exd5 19. Be3 Bf6 20. b3 Re6 21. Qf3 d4 22. Bf4 Qa5 23. a4 Qb6 24. Rc1 Be5 25. Bg5 Bf6 26. Bf4 Be5 27. Bg5 Bf6 28. Bf4 Be5 1/2-1/2

[Event "South African op"]
[Site "Cape Town"]
[Date "2022.07.09"]
[Round "1"]
[White "Ohlson, Cecil"]
[Black "Martin, Nico"]
[Result "1/2-1/2"]
[WhiteElo "1659"]
[BlackElo "1674"]
[PlyCount "43"]
[EventDate "2022.07.09"]
[EventType "swiss"]
[EventRounds "11"]
[EventCountry "RSA"]
[SourceTitle "CBM 209 Extra"]
[Source "ChessBase"]
[SourceDate "2022.09.30"]
[SourceVersion "1"]
[SourceVersionDate "2022.09.30"]
[SourceQuality "1"]

1. e4 c5 2. Nc3 Nc6 3. Bb5 Nd4 4. Bc4 e6 5. Nge2 a6 6. Nxd4 cxd4 7. Ne2 Nf6 8. d3 Bc5 9. Bb3 d5 10. e5 Nd7 11. f4 0-0 12. 0-0 f6 13. exf6 Nxf6 14. Qe1 Ne8 15. Kh1 Nd6 16. Rf3 Qf6 17. g4 Kh8 18. Rh3 e5 19. f5 Nxf5 20. Bxd5 Nd6 21. Rf3 Qe7 22. Bg5 1/2-1/2

[Event "RSA-chB"]
[Site "Cape Town"]
[Date "2019.12.14"]
[Round "8"]
[White "Martin, Nico"]
[Black "Klaaste, Chadley"]
[Result "1-0"]
[WhiteElo "1650"]
[BlackElo "1468"]
[PlyCount "59"]
[EventDate "2019.12.07"]
[EventType "swiss"]
[EventRounds "11"]
[EventCountry "RSA"]
[SourceTitle "CBM 193 Extra"]
[Source "ChessBase"]
[SourceDate "2020.01.31"]
[SourceVersion "1"]
[SourceVersionDate "2020.01.31"]
[SourceQuality "1"]

1. e4 e5 2. Nf3 Nf6 3. Nxe5 d6 4. Nf3 Nxe4 5. Nc3 Nxc3 6. dxc3 Nc6 7. h3 Bd7 8. Bc4 h6 9. 0-0 Be7 10. Re1 0-0 11. Bf4 Be6 12. Bd3 Bf6 13. Qd2 g5 14. Bg3 Kg7 15. Rad1 Rh8 16. Be4 Ne7 17. Nd4 Bd7 18. Qd3 Qc8 19. Rd2 Be5 20. Bxe5+ dxe5 21. Nf3 Be6 22. Nxe5 h5 23. Qg3 f6 24. Nf3 g4 25. Nd4 f5 26. Bxb7 Qxb7 27. Nxe6+ Kf7 28. Qe5 Rag8 29. Nd8+ Rxd8 30. Qxe7+ 1-0

[Event "RSA-chB"]
[Site "Cape Town"]
[Date "2019.12.13"]
[Round "7"]
[White "Martin, Nico"]
[Black "Van der Merwe, Alexander"]
[Result "0-1"]
[WhiteElo "1650"]
[BlackElo "1614"]
[PlyCount "52"]
[EventDate "2019.12.07"]
[EventType "swiss"]
[EventRounds "11"]
[EventCountry "RSA"]
[SourceTitle "CBM 193 Extra"]
[Source "ChessBase"]
[SourceDate "2020.01.31"]
[SourceVersion "1"]
[SourceVersionDate "2020.01.31"]
[SourceQuality "1"]

1. e4 c5 2. c3 d5 3. exd5 Qxd5 4. d4 Nf6 5. Nf3 Bg4 6. Nbd2 Nc6 7. Bc4 Qd7 8. dxc5 e5 9. h3 Bf5 10. b4 e4 11. Qe2 0-0-0 12. Nh4 Be6 13. Bxe6 Qxe6 14. g3 Ne5 15. Nb3 Nd3+ 16. Kf1 Qe5 17. Bd2 e3 18. Na5 Qd5 19. Rg1 exd2 20. Qxd2 Nxb4 21. Qb2 Nd3 22. Qb5 Nxc5 23. c4 Qd7 24. Qb2 Qd2 25. Qb5 Nfe4 26. Rg2 Nc3 0-1

[Event "RSA-chB"]
[Site "Cape Town"]
[Date "2019.12.08"]
[Round "2"]
[White "Nkosi, Dumisa Jacob"]
[Black "Martin, Nico"]
[Result "0-1"]
[WhiteElo "1762"]
[BlackElo "1650"]
[PlyCount "66"]
[EventDate "2019.12.07"]
[EventType "swiss"]
[EventRounds "11"]
[EventCountry "RSA"]
[SourceTitle "CBM 193 Extra"]
[Source "ChessBase"]
[SourceDate "2020.01.31"]
[SourceVersion "1"]
[SourceVersionDate "2020.01.31"]
[SourceQuality "1"]

1. d4 Nf6 2. Nf3 g6 3. c4 Bg7 4. Nc3 d5 5. g3 0-0 6. Bg2 dxc4 7. 0-0 c6 8. a4 Na6 9. h3 Nb4 10. a5 Bf5 11. Ne1 Qd7 12. Kh2 Rad8 13. e4 Be6 14. Be3 Ne8 15. Nf3 Nc7 16. Na4 Nca6 17. Qd2 f5 18. e5 Bd5 19. Rfd1 e6 20. h4 c5 21. dxc5 Nd3 22. Bg5 Rc8 23. Qe3 Qc7 24. b3 Nxe5 25. Bf4 Ng4+ 26. Kg1 Nxe3 27. Bxc7 Nxd1 28. Rxd1 Bxf3 29. Bxf3 Rxc7 30. c6 cxb3 31. Rb1 b2 32. Nxb2 Bxb2 33. Rxb2 bxc6 0-1